000 00296nam a22001337a 4500
008 170303b xxu||||| |||| 00| 0 eng d
020 _a841692
041 _aeng
080 _a616.073
100 _a6
101 _aSHM
245 _aPRIMER OF CLINICAL RADIOLOGY
_cTHOMPSON, TH.T
942 _2udc
_cBK
999 _c6668
_d6668